Movies Quiz

Random Movies or Word Play Quiz

Succinct Summaries of the Silver Screen Quiz Stats

Quiz Updated Apr 18, 2012

Challenge
Share
Tweet
Embed
Score 0/20 Timer 05:00
1 Play Today
Plot Description Movie % Correct
Bashful ballerina’s big break begets bizarre battle with her own black being.Black Swan
84.2%
Meteorologist (Murray) manages multiple matching mornings.Groundhog Day
78.9%
Pathetic pilot pines for past partner in popular plane parody.Airplane!
76%
Stammering sovereign seeks support from sassy subordinate skilled in the science of speaking.The King's Speech
71.8%
Peculiar but prosperous personality persuades panel of professionals to peep at his prehistoric playground.Jurassic Park
69.5%
Willis works with weepy whippersnapper who witnesses worrisome wonders.The Sixth Sense
55.8%
Time travel turns two teens into terrific teachers.Bill and Ted's Excellent Adventure
53.8%
Cage conquers criminal cadre on cloud-cruising craft.Con Air
50.6%
Dream detectives drug delinquent descendent, then dig in his dome.Inception
47.2%
Besmirched banker bound in a bastille buys a bludgeon and, by and by, burrows out.The Shawshank Redemption
45.6%
Plot Description Movie % Correct
Covetous Court Composer cunningly kills confoundedly creative curiosity.Amadeus
40.7%
Plucky professor and his pop prevent pernicious plunderers from purloining prominent primeval prize.Indiana Jones and the Last Crusade
39.7%
Plotting politicos pressure peaceable performer into pretending to be President.Dave
35.8%
Liquor-lacking lug lashes out at lad and lady after lonely, labyrinthine lodging leads him to lethal lunacy.The Shining
34%
Captain craves Cambodian conference with crazy colonel.Apocalypse Now
33.4%
Assassin adopts aggrieved adolescent and assists in annihilation of her adversaries--an amphetamine-addicted agent and his accomplices.The Professional
33%
Gregarious go-getter grows greedy, gabs on gangster guy-pals to the government and gets out of the game with his girl.Goodfellas
29.6%
Coarse crew of color-coded cons congregates after catastrophic caper for copious carats.Reservoir Dogs
28.4%
Nihilists (not Nazis) needle nonchalant ne’er-do-well.The Big Lebowski
26.7%
Determined deputy dogs disgraced doctor.The Fugitive
24.9%

You're not logged in!

Compare scores with friends on all Sporcle quizzes.
Sign Up with Email
OR
Log In

You Might Also Like...

Show Comments

Extras

Top Quizzes Today


Score Distribution

Your Account Isn't Verified!

In order to create a playlist on Sporcle, you need to verify the email address you used during registration. Go to your Sporcle Settings to finish the process.